000 00623nam a2200241Ia 4500
008 160803s9999 xx 000 0 und d
020 _a9780439067546
100 _aRobinson, Fay
245 _aCreepy Beetles! /
245 _cby Fay Robinson ; illustrated by Jean Cassels.
260 _aNew York :
260 _bScholastic Inc.
260 _c2000
300 _a32 pages :
300 _bcolor illustrations ;
300 _c23 cm.
440 _aHello science reader! ;
440 _vLevel 2.
500 _a"Cartwheel books."
650 _aBeetles --
650 _xJuvenile literature.
700 _a300
999 _c299203
_d299203